Normal view
MARC view
- Low, Morris
Entry Personal Name
001 - CONTROL NUMBER
- control field: 102036
003 - CONTROL NUMBER IDENTIFIER
- control field: NUST
005 - DATE AND TIME OF LATEST TRANSACTION
- control field: 20221031153853.0
008 - FIXED-LENGTH DATA ELEMENTS
- fixed length control field: 221031|| aca||aabn | a|a d
040 ## - CATALOGING SOURCE
- Original cataloging agency: NUST
- Transcribing agency: NUST
100 ## - HEADING--PERSONAL NAME
- Personal name: Low, Morris
670 ## - SOURCE DATA FOUND
- Source citation: Work cat.: (NUST)0: Low, Morris., Science, technology and society in contemporary Japan /, 1999.
